Statistics for UN Member States that Have Left-Hand Traffic

Click here to take the quiz!

General Stats

  • This quiz has been taken 37 times
  • The average score is 42 of 54

Answer Stats

Countries that Drive on the Left Side% Correct
United Kingdom
100%
India
97%
South Africa
97%
Australia
94%
New Zealand
94%
Pakistan
94%
Zimbabwe
94%
Bangladesh
91%
Botswana
91%
Namibia
91%
Ireland
88%
Japan
88%
Zambia
88%
Kenya
85%
Lesotho
85%
Malaysia
85%
Nepal
85%
Bhutan
82%
Eswatini
82%
Indonesia
79%
Jamaica
79%
Malawi
79%
Tanzania
79%
Tuvalu
79%
Uganda
79%
Bahamas
76%
Fiji
76%
Guyana
76%
Nauru
76%
Samoa
76%
Singapore
76%
Solomon Islands
76%
Sri Lanka
76%
Thailand
76%
Barbados
74%
Malta
74%
Mozambique
74%
Papua New Guinea
74%
Dominica
71%
Kiribati
71%
Tonga
71%
Brunei
68%
Maldives
68%
Mauritius
68%
Seychelles
68%
Cyprus
65%
Suriname
65%
East Timor
62%
Grenada
59%
Trinidad and Tobago
56%
Antigua and Barbuda
53%
Saint Kitts and Nevis
50%
Saint Vincent and the Grenadines
50%
Saint Lucia
47%

Score Distribution

Percentile by Number Answered

Percent of People with Each Score

Your Score History

You have not taken this quiz